000
00325nam a22001337a 4500
008
170530b xxu||||| |||| 00| 0 eng d
020
_a
9780140433937
041
_a
eng
080
_a
94
100
_a
17
101
_a
SHH
245
_a
THE HISTORY OF THE DECLINE AND FALL OF THE ROMAN EMPIRE
_c
WOMERSLEY,D
942
_2
udc
_c
BK
999
_c
15009
_d
15009